Los Cronistas de la Constitución : (Registro nro. 42374)
[ vista simple ]
| 000 -CABECERA | |
|---|---|
| campo de control de longitud fija | 00665nam a2200169 a 4500 |
| 001 - NÚMERO DE CONTROL | |
| campo de control | 000042885 |
| 005 - FECHA Y HORA DE LA ÚLTIMA TRANSACCIÓN | |
| campo de control | 20201002040455.0 |
| 008 - DATOS DE LONGITUD FIJA--INFORMACIÓN GENERAL | |
| campo de control de longitud fija | 140212s2004 sp ac 000 0 spa d |
| 020 ## - NÚMERO INTERNACIONAL ESTÁNDAR DEL LIBRO | |
| Número Internacional Estándar del Libro | 8430941592 |
| 040 ## - FUENTE DE LA CATALOGACIÓN | |
| Centro catalogador/agencia de origen | DO-SdBNP |
| Lengua de catalogación | spa |
| Centro/agencia transcriptor | BNPHU |
| 245 04 - MENCIÓN DE TÍTULO | |
| Título | Los Cronistas de la Constitución : |
| Resto del título | sus señorías los periodistas / |
| Mención de responsabilidad, etc. | editores Manuel Ángel Menéndez Gijón, Carmen Fernández López-Monís. |
| 260 ## - PUBLICACIÓN, DISTRIBUCIÓN, ETC. | |
| Lugar de publicación, distribución, etc. | Madrid : |
| Nombre del editor, distribuidor, etc. | Asociación de la Prensa, |
| Fecha de publicación, distribución, etc. | 2004. |
| 300 ## - DESCRIPCIÓN FÍSICA | |
| Extensión | 446 p. : |
| Otras características físicas | il., retrs. ; |
| Dimensiones | 24 cm. |
| 700 1# - PUNTO DE ACCESO ADICIONAL--NOMBRE DE PERSONA | |
| Nombre de persona | Menéndez Gijón, Manuel Ángel |
| Término indicativo de función/relación | ed. |
| -- | ed. |
| 9 (RLIN) | 70318 |
| 700 1# - PUNTO DE ACCESO ADICIONAL--NOMBRE DE PERSONA | |
| Nombre de persona | Fernández López-Monís, Carmen |
| Término indicativo de función/relación | ed. |
| 9 (RLIN) | 70319 |
| 710 2# - PUNTO DE ACCESO ADICIONAL--NOMBRE DE ENTIDAD CORPORATIVA | |
| Nombre de entidad corporativa o nombre de jurisdicción como elemento de entrada | Asociación de la Prensa |
| 9 (RLIN) | 70320 |
| Estado de retiro | Estado de pérdida | Restricciones de uso | No para préstamo | Código de colección | Localización permanente | Ubicación/localización actual | Ubicación en estantería | Fecha de adquisición | Número de inventario | Total de préstamos | Signatura topográfica completa | Código de barras | Fecha visto por última vez | Precio válido a partir de | Tipo de ítem Koha |
|---|---|---|---|---|---|---|---|---|---|---|---|---|---|---|---|
| Excluido de préstamo | Monografías: Libros y Folletos | General | General | En catalogación | 12.02.2014 | LF1 | 42885-10 | 25.06.2020 | 25.06.2020 | No se presta |
